| 000 | 00420nam a22001697a 4500 | ||
|---|---|---|---|
| 003 | NUST - PNEC | ||
| 005 | 20170116181155.0 | ||
| 008 | 160111b xxu||||| |||| 00| 0 eng d | ||
| 020 | _a0765194015 | ||
| 040 | _cLIBRARY | ||
| 082 | _a917.53 BRE | ||
| 100 |
_915849 _aBrega Isabella |
||
| 245 |
_aWashington : Pride and glory of america _cIsabella Brega |
||
| 260 | _cc.1997 | ||
| 650 | _xHistory | ||
| 942 |
_2ddc _cBK |
||
| 999 |
_c71172 _d71172 |
||